| 000 | 00638nam a2200181 a 4500 | ||
|---|---|---|---|
| 001 | 000023951 | ||
| 005 | 20200930022608.0 | ||
| 008 | 110117s1983 pr r 000 p spa d | ||
| 040 |
_aDO-SdBNP _bspa _cBNPHU |
||
| 082 |
_aPR861.44 _bQ4j |
||
| 100 | 1 |
_aQuijano Franquiz, Francisco A. _949270 |
|
| 245 | 1 | 0 |
_aJornadas de tierra y cielo : _bsolventando el "problema" / _cFrancisco A. Quijano Franquiz. |
| 260 |
_aSan Juan, P.R. : _bInstituto de Cultura Puertorriqueña, Centro Cultural de Camuy, _c1983. |
||
| 300 |
_a69 p. ; _c21 cm. |
||
| 650 | 4 |
_aPoesía puertorriqueña _91015 |
|
| 650 | 4 |
_aLiteratura puertorriqueña _9250 |
|
| 049 | _aBNGR | ||
| 999 |
_c23447 _d23447 |
||